| 000 | 01009nam a22002177a 4500 | ||
|---|---|---|---|
| 005 | 20210325174934.0 | ||
| 008 | s2537 th tha d | ||
| 041 | _atha | ||
| 050 | _aHF1412 จ683ก 2537 | ||
| 245 | 1 | 0 | _aการค้าบริการภายใต้การเจรจารอบอุรุกวัยของแกตต์และอนาคตของการขนส่งทางบกของประเทศไทย |
| 260 | 3 |
_aกรุงเทพฯ : _bสถาบันพาณิชยนาวี. จุฬาลงกรณ์มหาวิทยาลัย, _c2537 |
|
| 300 |
_a124 หน้า ; _b 30 ซม. |
||
| 650 | 0 | 4 | _aการค้าบริการ |
| 650 | 0 | 4 | _aแกตต์ |
| 650 | 0 | 4 | _aการเจรจารอบอุรุกวัย |
| 650 | 0 | 4 | _aการขนส่งทางบก |
| 850 | _aNALT | ||
| 942 | _cGB | ||
| 997 | _c000000000005357 | ||
| 998 | _aNISA LAUNGTONGKUM | ||
| 999 |
_c5357 _d5357 |
||